|
|
|
|
| LEADER |
00000nam a22000007a 4500 |
| 008 |
201221b ||||| |||| 00| 0 eng d |
| 020 |
|
|
|a 978-1-44628235-9
|
| 100 |
|
|
|a BOLTON, Gillie
|
| 245 |
|
|
|a Reflective practice
|b writing and professional development
|c Gillie Bolton
|g xxiii, 229p
|
| 250 |
|
|
|b 4th
|
| 260 |
|
|
|b SAGE
|c 2014
|h Los Angeles
|i 692335
|i 692336
|l R119 .B63
|m Medical writing.
|m Narration (Rhetoric)
|m Communication in medicine
|m Creative writing
|m Career development
|
| 500 |
|
|
|a “It includes bibliographical references and index”.
|
| 942 |
|
|
|a lcc
|c BK
|e O.A.JOHNSON
|f 21/12/20
|
| 952 |
|
|
|0 0
|1 0
|2 lcc
|4 0
|6 R0119 B63
|7 0
|9 1083
|a HOL
|b ML
|c QZ
|d 2020-12-21
|l 0
|o R119 .B63
|p 2020-230298
|r 2020-12-21 00:00:00
|w 2020-12-21
|y BK
|
| 952 |
|
|
|0 0
|1 0
|2 lcc
|4 0
|6 R0119 B63
|7 0
|9 1084
|a HOL
|b HOL
|c QZ
|d 2020-12-21
|l 0
|o R119 .B63
|p 2020-230299
|r 2020-12-21 00:00:00
|w 2020-12-21
|y BK
|
| 999 |
|
|
|c 559
|d 559
|